Countries That Border Russia by Picture - Statistics

General Stats
  • This quiz has been taken 23 times
    12 since last reset
  • The average score is 13 of 14
Answer Stats
Picture Answer % Correct
China
100%
Latvia
100%
Mongolia
100%
North Korea
100%
Estonia
91%
Finland
91%
Kazakhstan
91%
Lithuania
91%
Norway
91%
Poland
91%
Ukraine
91%
Azerbaijan
82%
Belarus
82%
Georgia
82%
No matching quizzes found
Score Distribution
Percent of People with Each Score
Percentile by Number Answered
Your Score History
You have not taken this quiz since the last reset